Statistiques concernant Les pays contenant W

Cliquez ici pour prendre le quiz!

Statistiques générales

  • Ce quiz a été pris 3,176 fois
    (2,967 depuis la dernière actualisation)
  • Le résultat moyen est 5 sur 7

Statistiques - réponses

Pays % Correct
Zimbabwe
83%
Eswatini
74%
Botswana
71%
Malawi
70%
Rwanda
70%
Taïwan
53%
Koweït
49%

Distribution des résultats

Percentile by Number Answered

% des personnes avec chaque résultat

Votre développement - résultats

Vous n’avez pas pris ce quiz depuis la dernière actualisation